ARRUPE JESUIT UNIVERSITY

CORONAVIRUS -STOP THE SPREAD - CLEAN,DISINFECT,COVER

The political economy of Liberia and public policy (Record no. 130342)

MARC details
000 -LEADER
fixed length control field 00543nam a22001697a 4500
008 - FIXED-LENGTH DATA ELEMENTS--GENERAL INFORMATION
fixed length control field 200211b ||||| |||| 00| 0 eng d
020 ## - INTERNATIONAL STANDARD BOOK NUMBER
International Standard Book Number 9781727879643
050 ## - LIBRARY OF CONGRESS CALL NUMBER
Classification number DT636.5.P463 2018
100 ## - MAIN ENTRY--PERSONAL NAME
Personal name Perry, Isaac E.
9 (RLIN) 49486
245 ## - TITLE STATEMENT
Title The political economy of Liberia and public policy
Statement of responsibility, etc Isaac E. Perry, Jr.
260 ## - PUBLICATION, DISTRIBUTION, ETC. (IMPRINT)
Place of publication, distribution, etc New York
Name of publisher, distributor, etc Create Space
Date of publication, distribution, etc 2018
300 ## - PHYSICAL DESCRIPTION
Extent 298p. ;
Dimensions 28cm.
651 ## - SUBJECT ADDED ENTRY--GEOGRAPHIC NAME
Geographic name Liberia
General subdivision Politics
9 (RLIN) 49487
651 ## - SUBJECT ADDED ENTRY--GEOGRAPHIC NAME
Geographic name Liberia
General subdivision Economic conditions
9 (RLIN) 49488
651 ## - SUBJECT ADDED ENTRY--GEOGRAPHIC NAME
Geographic name Liberia
General subdivision History
9 (RLIN) 43162
942 ## - ADDED ENTRY ELEMENTS (KOHA)
Source of classification or shelving scheme Library of Congress Classification
Item type Monograph ( Printed materials)
Holdings
Withdrawn status Lost status Source of classification or shelving scheme Damaged status Not for loan Collection code Home library Current library Shelving location Date acquired Total Checkouts Full call number Barcode Date last seen Date last borrowed Price effective from Koha item type
    Library of Congress Classification     Main Collection ARRUPE LIBRARY ARRUPE LIBRARY Main Collection 11/02/2020 1 DT636.5.P463 2018 46600006447 17/03/2020 14/02/2020 11/02/2020 Monograph ( Printed materials)

 

Arrupe Library. PO Box MP320 Mt Pleasant, Harare, Zimbabwe
263 242 745411|librarian@aju.ac.zw